2024 UFC POUND FOR POUND RANKINGS - Statistics

General Stats
  • This quiz has been taken 153 times
  • The average score is 13 of 15
Answer Stats
Hint Answer % Correct
(2) Heavyweight Jon Jones
100%
(4) Featherweight Ilia Topuria
98%
(1) Lightweight Islam Makhachev
98%
(3) Light Heavyweight Alex Pereira
96%
(8) Heavyweight Tom Aspinall
91%
(10) Flyweight Alexandre Pantoja
90%
(6) Middleweight Dricus Du Plessis
89%
(11) Featherweight Alexander Volkanovski
88%
(7) Bantamweight Merab Dvalishvili
88%
(13) Bantanweight Sean O'Malley
88%
(9) Welterweight Leon Edwards
87%
(12) Featherweight Max Holloway
87%
(5) Welterweight Belal Muhammad
86%
(14) Middleweight Sean Strickland
80%
(15) Lightweight Charles Oliveira
79%
No matching quizzes found
Score Distribution
Percent of People with Each Score
Percentile by Number Answered
Your Score History
You have not taken this quiz